| 000 | 00568nam a2200181 i 4500 | ||
|---|---|---|---|
| 001 | 26757 | ||
| 003 | ES-MaACL | ||
| 005 | 20251019063038.0 | ||
| 007 | t| | ||
| 008 | 030110s1945 sp ||||1| eng d | ||
| 100 | 1 |
_aAusten, Jane, _d1775-1817 _9242382 |
|
| 245 | 1 | 0 |
_aEmma / _cJane Austen ; traducción del inglés por Jaime Bofill y Ferro. |
| 260 |
_aBarcelona : _bArimany, _c[1945] ( _fGráficas C.N. Gisbert) |
||
| 300 |
_a497 p. ; _c19 cm. |
||
| 700 | 1 |
_aBofill i Ferro, Jaume. _929787 |
|
| 852 |
_aES-MaACL _jB-10240 _bR.21622 |
||
| 999 |
_c26757 _d26757 |
||